000 00617nam a2200181 a 4500
001 000047575
005 20201002060621.0
008 091113s2017 dr ac 000 0dspa d
020 _a9789945167840
040 _aDO-SdBNP
_bspa
_cBNPHU
082 _axxx
_bO49
100 1 _aOlivo Cheriz, Bienvenido Nicanor
_d1951-
_975221
245 1 0 _aSánchez :
_bnotas para su historia /
_cBienvenido Nicanor Olivo Cheriz.
260 _aSanto Domingo :
_bBúho,
_c2017.
300 _a225 p. :
_bil., retrs. ;
_c23 cm.
500 _aIncluye datos biográficos del autor en la solapa de la cubierta.
590 _aInventariado, 2018/ YL
999 _c47063
_d47063